Rodinný hotel. Dny rozhodnutí /
Závěrečný díl rozsáhlé ságy o hoteliérské rodině Kuhlmannových v německých lázních Heiligendamm.
Uloženo v:
| Série: | Rodinný hotel,
část 3 |
|---|---|
| Hlavní autor: | |
| Další autoři: | |
| Médium: | E-kniha |
| Jazyk: | Czech |
| Vydáno: |
Praha :
Ikar,
2023
|
| Vydání: | Vydání první |
| Témata: | |
| Příbuzné jednotky: | Z cyklu::
Rodinný hotel |
| Tagy: |
Žádné tagy |
| LEADER | 02444nam a2200445 i 4500 | ||
|---|---|---|---|
| 001 | 311874 | ||
| 003 | CZ PrSKC | ||
| 005 | 20260601215713.0 | ||
| 007 | ta | ||
| 008 | 230314s2023 xr g 000 f cze | ||
| 015 | |a cnb003464953 | ||
| 020 | |a 9788024949802 |q (vázáno) | ||
| 035 | |a (OCoLC)1375348811 | ||
| 040 | |a ABG001 |b cze |d ABA001 |e rda | ||
| 041 | 1 | |a cze |h ger | |
| 072 | 7 | |a 821.112.2-3 |x Německá próza, německy psaná |2 Konspekt | |
| 080 | |a 821.112.2-31 |2 MRF | ||
| 080 | |a (0:82-31) |2 MRF | ||
| 100 | 1 | |a Grünig, Michaela |7 xx0266766 |4 aut | |
| 240 | 1 | 0 | |a Tage der Entscheidung. |l Česky |
| 245 | 1 | 0 | |a Rodinný hotel. |p Dny rozhodnutí / |c Michaela Grünigová ; z německého originálu Palais Heiligendamm - Tage der Entscheidung ... přeložila Pavla Lutovská |
| 246 | 3 | 0 | |a Dny rozhodnutí |
| 250 | |a Vydání první | ||
| 264 | 1 | |a Praha : |b Ikar, |c 2023 | |
| 300 | |a 422 stran ; |c 24 cm | ||
| 336 | |a text |b txt |2 rdacontent | ||
| 337 | |a bez média |b n |2 rdamedia | ||
| 338 | |a svazek |b nc |2 rdacarrier | ||
| 520 | 2 | |a Závěrečný díl rozsáhlé ságy o hoteliérské rodině Kuhlmannových v německých lázních Heiligendamm. |b Baltské moře, rok 1935. Hotel Palác Heiligendamm navštěvují nyní zcela jiní hosté: zasloužilí nacističtí přívrženci a špičky NSDAP, mezi nimi i Hitler a Goebbels. Jsou to těžké časy pro Elisabeth a její dceru Julii, která teď pracuje v rodinném hotelu jako zástupce již třetí generace. V Hitlerově doprovodu je i šarmantní Hugo, dobrodruh a jeden ze dvou mladých mužů, kteří se ucházejí o Juliino srdce. Její strýc Paul bojuje s těžkými pochybnostmi, rozerván mezi láskou a morálkou se odhodlává k osudovému kroku. Nakladatelská anotace. | |
| 655 | 7 | |a německé romány |7 fd132945 |2 czenas | |
| 655 | 9 | |a German fiction |2 eczenas | |
| 700 | 1 | |a Lutovská, Pavla |7 xx0017948 |4 trl | |
| 765 | 1 | |t Palais Heiligendamm | |
| 787 | 0 | 8 | |i Z cyklu: |t Rodinný hotel |g 3 |
| 900 | |a ABA001 |b 21 | ||
| 928 | 9 | |a Euromedia Group - Ikar | |
| 044 | |a xr | ||
| 910 | |a RBIT002 | ||
| 998 | |d 371483 |a https://core.palmknihy.cz/api/books/371483/cover?rrtins |b https://core.palmknihy.cz/api/books/371483/cover/400?rrtins |c https://core.palmknihy.cz/api/books/371483/cover/50?rrtins |e 2027-04-01 |g 424 |i 9788024949802 |j https://core.palmknihy.cz/api/books/371483/preview.epub |l |q 49 |r 1 |s https://www.palmknihy.cz/kniha/371483 |t ebook |y 2023 |z 0 |v Rodinný hotel |w 3 | ||
| 999 | |d 311872 | ||